[Event "CAN-ch U14"]
[Site "Sault Ste Marie"]
[Date "2017.07.09"]
[Round "6.39"]
[White "Eckert, Ethan"]
[Black "Cyrenne, Cole"]
[Result "1-0"]
[WhiteElo "1239"]
[BlackElo "993"]
[PlyCount "67"]
[EventDate "2017.07.06"]
[EventType "swiss"]
[EventRounds "7"]
[EventCountry "CAN"]
[SourceTitle "EXT 2022"]
[Source "ChessBase"]
[SourceDate "2021.10.06"]
[SourceVersion "1"]
[SourceVersionDate "2021.10.06"]
[SourceQuality "1"]

1. e4 c5 2. Nf3 d6 3. d4 cxd4 4. Nxd4 Nf6 5. Nc3 g6 6. f3 Bg7 7. Be3 a6 8. Qd2 0-0 9. 0-0-0 b5 10. Bh6 e5 11. Bxg7 Kxg7 12. Nb3 Ne8 13. h4 h5 14. Be2 f5 15. exf5 Bxf5 16. g4 Be6 17. gxh5 Rh8 18. Rdg1 Bf7 19. hxg6 Bxg6 20. h5 Rh6 21. Bd3 Kf8 22. Qxh6+ Ng7 23. Qh8+ Ke7 24. Qxg7+ Bf7 25. Qg5+ Kd7 26. Qxd8+ Kxd8 27. h6 Nc6 28. Rg7 Be6 29. h7 Bd7 30. h8Q+ Be8 31. Bg6 Ne7 32. Qxe8+ Kc7 33. Rxe7+ Kb6 34. Nd5# 1-0

[Event "CAN-ch U14"]
[Site "Windsor"]
[Date "2016.07.08"]
[Round "7.41"]
[White "Eckert, Ethan"]
[Black "Zaid, Shahmeer"]
[Result "1/2-1/2"]
[WhiteElo "997"]
[BlackElo "745"]
[PlyCount "98"]
[EventDate "2016.07.05"]
[EventType "swiss"]
[EventRounds "7"]
[EventCountry "CAN"]
[SourceTitle "EXT 2022"]
[Source "ChessBase"]
[SourceDate "2021.10.06"]
[SourceVersion "1"]
[SourceVersionDate "2021.10.06"]
[SourceQuality "1"]

1. e4 e5 2. Nf3 Nc6 3. Nc3 Nf6 4. d4 exd4 5. Nxd4 d6 6. Be3 g6 7. f3 Bg7 8. Qd2 Nxd4 9. Bxd4 0-0 10. 0-0-0 d5 11. Bxf6 Qxf6 12. Qxd5 c6 13. Qd6 Qe5 14. Qxe5 Bxe5 15. h4 b5 16. g4 Be6 17. Rd3 Rad8 18. Nd1 Rxd3 19. Bxd3 Bf4+ 20. Kb1 Rd8 21. h5 b4 22. hxg6 fxg6 23. b3 Rd7 24. Nb2 Kg7 25. Nc4 Bxc4 26. Bxc4 Rd2 27. Re1 Bg3 28. Rf1 Bf4 29. Bd3 Bg3 30. f4 Rf2 31. Rxf2 Bxf2 32. f5 Kf6 33. Kc1 Bd4 34. Kd2 gxf5 35. exf5 Kg5 36. Be2 Bf6 37. Kd3 Kf4 38. Bd1 h6 39. Kc4 Be7 40. c3 a5 41. cxb4 axb4 42. f6 Bf8 43. f7 Kg5 44. Bf3 Kf4 45. Bxc6 Kxg4 46. Kd5 Kf5 47. Kc4 Kf6 48. Bd5 h5 49. Kb5 h4 1/2-1/2

[Event "CAN-ch U14"]
[Site "Windsor"]
[Date "2016.07.08"]
[Round "6.38"]
[White "Yang, Brett"]
[Black "Eckert, Ethan"]
[Result "1-0"]
[WhiteElo "1040"]
[BlackElo "997"]
[PlyCount "53"]
[EventDate "2016.07.05"]
[EventType "swiss"]
[EventRounds "7"]
[EventCountry "CAN"]
[SourceTitle "EXT 2022"]
[Source "ChessBase"]
[SourceDate "2021.10.06"]
[SourceVersion "1"]
[SourceVersionDate "2021.10.06"]
[SourceQuality "1"]

1. e4 c5 2. Nf3 Nc6 3. Bb5 g6 4. c3 Bg7 5. d4 cxd4 6. Nxd4 Nxd4 7. cxd4 Qb6 8. e5 Qxb5 9. Nc3 Qa5 10. Bf4 e6 11. 0-0 Ne7 12. a3 a6 13. b4 Qd8 14. Bg5 0-0 15. Qf3 h6 16. Bh4 Qe8 17. Ne4 Nf5 18. Bf6 Nxd4 19. Qd3 Nf5 20. Rad1 Kh8 21. Qh3 d5 22. g4 dxe4 23. gxf5 h5 24. Rd8 Qb5 25. Rxf8+ Kh7 26. fxg6+ Kh6 27. Qe3+ 1-0

[Event "CAN-ch U14"]
[Site "Windsor"]
[Date "2016.07.06"]
[Round "2.35"]
[White "Chertkow, Matthew"]
[Black "Eckert, Ethan"]
[Result "1/2-1/2"]
[WhiteElo "1325"]
[BlackElo "997"]
[PlyCount "53"]
[EventDate "2016.07.05"]
[EventType "swiss"]
[EventRounds "7"]
[EventCountry "CAN"]
[SourceTitle "EXT 2022"]
[Source "ChessBase"]
[SourceDate "2021.10.06"]
[SourceVersion "1"]
[SourceVersionDate "2021.10.06"]
[SourceQuality "1"]

1. e4 c5 2. Nf3 Nc6 3. Nc3 g6 4. d4 cxd4 5. Nxd4 Bg7 6. Be3 Nf6 7. Be2 d5 8. exd5 Nxd5 9. Nxd5 Qxd5 10. Bf3 Qa5+ 11. c3 Bd7 12. 0-0 0-0 13. Nxc6 Bxc6 14. Bxc6 bxc6 15. Qd7 Rab8 16. Qxe7 Rxb2 17. Qxa7 Qxa7 18. Bxa7 Ra8 19. Bd4 Raxa2 20. Rxa2 Rxa2 21. h3 Rc2 22. Rd1 h5 23. Rd3 c5 24. Bxc5 Bxc3 25. Bd4 Bxd4 26. Rxd4 Kg7 27. g3 1/2-1/2

[Event "CAN-ch U08"]
[Site "Richmond Hill"]
[Date "2011.07.06"]
[Round "1"]
[White "Yu, Xiao Tian"]
[Black "Eckert, Ethan"]
[Result "1-0"]
[WhiteElo "1002"]
[BlackElo "797"]
[PlyCount "99"]
[EventDate "2011.07.06"]
[EventType "swiss"]
[EventRounds "7"]
[EventCountry "CAN"]
[SourceTitle "EXT 2022"]
[Source "ChessBase"]
[SourceDate "2021.10.06"]
[SourceVersion "1"]
[SourceVersionDate "2021.10.06"]
[SourceQuality "1"]

1. e4 e5 2. Nf3 Nc6 3. Bc4 Nf6 4. Nc3 Bc5 5. 0-0 0-0 6. Re1 d6 7. d3 Be6 8. Bd2 Bxc4 9. dxc4 Ng4 10. Be3 Nxe3 11. fxe3 a6 12. Nd5 b5 13. cxb5 axb5 14. Kh1 Nb4 15. Nxb4 Bxb4 16. c3 Ba5 17. Qc2 Qd7 18. Rad1 b4 19. cxb4 Bxb4 20. Nxe5 Qe6 21. Nc6 Bxe1 22. Rxe1 Ra6 23. a3 Qe8 24. Nb4 Ra4 25. Qc3 c5 26. Nd5 Qe5 27. Qxe5 dxe5 28. Rc1 c4 29. Nb6 Ra6 30. Nxc4 Rc6 31. b3 g6 32. Kg1 f5 33. Kf2 fxe4+ 34. Ke2 Rfc8 35. Kd2 Rd8+ 36. Ke2 Kf7 37. Nxe5+ Ke6 38. Nxc6 Rd6 39. b4 Rd7 40. b5 h6 41. b6 Re7 42. Rb1 Rf7 43. Nd8+ Ke7 44. Nxf7 Kxf7 45. b7 g5 46. b8Q h5 47. Rb7+ Kf6 48. Qd6+ Kf5 49. Rf7+ Kg4 50. Qg3# 1-0